Law of torts (Record no. 183189)

MARC details
000 -LEADER
fixed length control field 00382nam a2200157Ia 4500
008 - FIXED-LENGTH DATA ELEMENTS--GENERAL INFORMATION
fixed length control field 230917s9999||||xx |||||||||||||| ||und||
040 ## - CATALOGING SOURCE
-- 80730
Original cataloging agency VIVEKANANDA LIBRARY
041 ## - Language
-- English
082 ## - DDC NUMBER
Classification number 346.03 S64L
100 ## - MAIN ENTRY--PERSONAL NAME
Personal name Sinha, Balbir Sahali
245 #0 - TITLE STATEMENT
Title Law of torts
250 ## - EDITION STATEMENT
Edition statement 4th ed.
260 ## - PUBLICATION, DISTRIBUTION, ETC. (IMPRINT)
Place of publication, distribution, etc Lucknow
Name of publisher, distributor, etc Eastern Book Company
Date of publication, distribution, etc 1976
300 ## - PHYSICAL DESCRIPTION
Pages xlviii, 479 p.
942 ## - ADDED ENTRY ELEMENTS (KOHA)
Koha item type Books
Holdings
Withdrawn status Lost status Damaged status Not for loan Location (home branch) Sublocation or collection (holding branch) Date acquired Koha issues (times borrowed) Koha full call number Accession No. Koha date last seen Koha item type
        VIVEKANANDA LIBRARY VIVEKANANDA LIBRARY 11/03/2003   346.03 S64L 38134 17/09/2023 Books
        VIVEKANANDA LIBRARY VIVEKANANDA LIBRARY 11/03/2003   346.03 S64L 38775 17/09/2023 Books
        VIVEKANANDA LIBRARY VIVEKANANDA LIBRARY 11/03/2003   346.03 S64L 43089 17/09/2023 Books
        VIVEKANANDA LIBRARY VIVEKANANDA LIBRARY 11/03/2003   346.03 S64L 43092 17/09/2023 Books
© Designed and Maintained by Vivekananda Library, MDU Rohtak